Odesszai pártmunkás-delegáció érkezett Szegedre
Elmentve itt :
| Szerző: | |
|---|---|
| Dokumentumtípus: | Cikk |
| Megjelent: |
1975-08-08
|
| Sorozat: | Délmagyarország
65 No. 185 |
| Kulcsszavak: | Odessza, külföldi politikusok látogatásai |
| Online Access: | http://dmarchiv.bibl.u-szeged.hu/111983 |
| LEADER | 00506nab a2200157 i 4500 | ||
|---|---|---|---|
| 001 | delm111983 | ||
| 005 | 20190424083101.0 | ||
| 008 | 190424s1975 hu o 0|| hun d | ||
| 040 | |a SZTE Délmagyarország Archívum |b hun | ||
| 041 | |a hun | ||
| 100 | 2 | |a Ács S. Sándor | |
| 245 | 1 | 0 | |a Odesszai pártmunkás-delegáció érkezett Szegedre |h [elektronikus dokumentum] / |c Ács S. Sándor |
| 260 | |c 1975-08-08 | ||
| 300 | |a 1 | ||
| 490 | 0 | |a Délmagyarország |v 65 No. 185 | |
| 695 | |a Odessza, külföldi politikusok látogatásai | ||